00305nam a2200121Ia 45000030006000000080041000060400015000471000020000622450063000822600009001455460012001540050017001660STCL150530s9999 xx 000 0 und d aSTCLcSTCL aHill Dennis, S. aAgricultural insect pests of the tropics and their control c1975 aEnglish20220125170503.0